Studies in Indian literary history / (Record no. 86153)
[ view plain ]
| 000 -LEADER | |
|---|---|
| fixed length control field | 01090nam a2200325 a 4500 |
| 001 - CONTROL NUMBER | |
| control field | 86153 |
| 003 - CONTROL NUMBER IDENTIFIER | |
| rucl marc code | BD-RjUL |
| 005 - DATE AND TIME OF LATEST TRANSACTION | |
| control field | 20260201110913.0 |
| 008 - FIXED-LENGTH DATA ELEMENTS--GENERAL INFORMATION | |
| fixed length control field | 260129s1954 ii 001 0 eng |
| 035 ## - SYSTEM CONTROL NUMBER | |
| System control number | (BD-RjUL)86153 |
| 040 ## - CATALOGING SOURCE | |
| Original cataloging agency | DLC |
| Transcribing agency | NcWsW |
| Modifying agency | DLC |
| -- | BD-RjUL |
| Language of cataloging | eng |
| 041 ## - LANGUAGE CODE | |
| Language code of text/sound track or separate title | eng |
| 082 ## - DEWEY DECIMAL CLASSIFICATION NUMBER | |
| Classification number | 891.409 |
| Author mark and year | GOS 1954 |
| 100 1# - MAIN ENTRY--PERSONAL NAME | |
| Personal name | Gode, P. K. |
| Fuller form of name | (Parshuram Krishna) |
| 9 (RLIN) | 17666 |
| 245 10 - TITLE STATEMENT | |
| Title | Studies in Indian literary history / |
| Statement of responsibility, etc. | by P. K. Gode. |
| 250 ## - EDITION STATEMENT | |
| Edition statement | 1st ed. |
| 260 ## - PUBLICATION, DISTRIBUTION, ETC. (IMPRINT) | |
| Place of publication, distribution, etc. | Bombay : |
| Name of publisher, distributor, etc. | Singhi Jain Sāstra Śikshāpīth, |
| Date of publication, distribution, etc. | 1953- |
| 300 ## - PHYSICAL DESCRIPTION | |
| Pagination | v. : |
| Illustrations | ports. ; |
| Size | 25 cm. |
| 336 ## - CONTENT TYPE | |
| Content type term | text |
| Content type code | txt |
| Source | rdacontent |
| 337 ## - MEDIA TYPE | |
| Media type term | unmediated |
| Media type code | n |
| Source | rdamedia |
| 338 ## - CARRIER TYPE | |
| Carrier type term | volume |
| Carrier type code | nc |
| Source | rdacarrier |
| 490 0# - SERIES STATEMENT | |
| Series statement | Shri Bahadur Singh Singhi memoirs ; |
| Volume/sequential designation | v. 5 |
| Series statement | Singhi Jaina series, no. 38- |
| 500 ## - GENERAL NOTE | |
| General note | Vol. 3 without series statement. |
| General note | Vol. 3 has imprint: Poona, Prof. P. K. Gode Collected Works Publication Committee. |
| 504 ## - BIBLIOGRAPHY, ETC. NOTE | |
| Bibliography, etc | Bibliographical footnotes. |
| 505 01 - FORMATTED CONTENTS NOTE | |
| Formatted contents note | Vol.1--Vol.2 |
| 650 #0 - SUBJECT ADDED ENTRY--TOPICAL TERM | |
| Topical term or geographic name as entry element | Indic literature |
| General subdivision | History and criticism. |
| 9 (RLIN) | 17667 |
| 942 ## - ADDED ENTRY ELEMENTS (KOHA) | |
| Source of classification or shelving scheme | Dewey Decimal Classification |
| Koha item type | Books |
| Lost status | Source of classification or shelving scheme | Damaged status | Not for loan | Collection code | Permanent Location | Current Location | Shelving location | Date acquired | Source of acquisition | Cost, normal purchase price | Total Checkouts | Full call number | Date last seen | Copy number | Koha item type |
|---|---|---|---|---|---|---|---|---|---|---|---|---|---|---|---|
| Dewey Decimal Classification | Not For Loan | Non-fiction | Central Library, University of Rajshahi | Central Library, University of Rajshahi | Reading Room | 12/07/1965 | Zeitlinger | 59.00 | 891.409 GOS V-2 1954 | 29/01/2026 | C-1 | Books | |||
| Dewey Decimal Classification | Not For Loan | Non-fiction | Central Library, University of Rajshahi | Central Library, University of Rajshahi | Reading Room | 07/12/1965 | Zeitlinger | 59.00 | 891.409 GOS V-1 1954 | 01/02/2026 | C-1 | Books |